| 000 | 02150nab a2200289 i 4500 | ||
|---|---|---|---|
| 003 | BR-BrBNA | ||
| 005 | 20260401174802.0 | ||
| 008 | 260401b2019 bl.qr|pooa||| 00| 0 eng | | ||
| 040 |
_aBR-BrBNA _beng |
||
| 072 |
_aK10 _b3227 |
||
| 100 | _aPamoengkas, Prijanto | ||
| 100 | _aZamzam, Ayi | ||
| 100 | _aDwisutono, Aji | ||
| 245 | _aVegetation Recovery of Logged-over Dipterocarp Forests In Central Kalimantan, Indonesia | ||
| 500 | _aPublicação on-line; 20 ref.; 10 tables; 4 illus.; Summary (En) | ||
| 520 | _a ABSTRACT Forest utilization usually has an impact on changes in forest structure and species composition. The species of trees selected and ecosystem management system that refer to biodiversity characteristics will be explained by better knowledge of Functional Species Group (FSG). The purpose of this study was to determine the composition of vegetation recovery based on FSG in production forest managed with silvicultural system known as Selective Cutting and Line Planting System (SCLP) and undisturbed forest known as Germplasm Preservation Areas (GPCA) in Central Kalimantan, Indonesia. The results showed that the proportion of climax group in the entire observation plots was greater than pioneer species group, i.e. climax 100 species and pioneer 59 species. Stand structure both climax and pioneer species group has inverse J shape curve. It means that the species composition of logged-over forest is still in balance condition, characterized with high index of diversity (H’ > 3). Keywords: functional species group, selective cutting, species composition, stand structure, biodiversity. | ||
| 650 | _aINDONÉSIA | ||
| 650 | _aKALIMANTAN | ||
| 650 | _aCORTE | ||
| 650 | _aVEGETAÇÃO | ||
| 650 | _aFLORESTA | ||
| 650 | _aBIODIVERSIDADE | ||
| 773 | 0 |
_02929 _9347952 _dRio de Janeiro-RJ Instituto de Florestas - UFRRJ 1994 _o2025-0451 _tFloresta e Ambiente (Brazil) _x1415-0980 / ISSN 2179-8087 0nline _gv. 26(3) p. 1-11; (2019) _wBR2026000245 |
|
| 856 | _uhttps://www.scielo.br/j/floram/a/dwWpk4YdHcpHcJDVczPxY9d/?format=pdf&lang=en | ||
| 942 | _cANA | ||
| 999 |
_c341204 _d341204 |
||